La Giustizia e i suoi nemici

Detalles Bibliográficos
Autor principal: Caferra, Vito Marino
Formato: eBook
Lenguaje:italiano
Publicado: Bari : Cacucci Editore, 2010
Materias:
Acceso en línea:http://www.vlex.com/source/7350

MARC

LEADER 00000nam a22000007a 4500
005 20130305184418.0
007 cr|||| ||||
008 130305e2010 it |||||s|||| 00||0 ita d
020 |a 978-88-8422-957-1 
035 |a 7350 
040 |a vLex 
090 |c 3843  |d 3843 
100 1 0 |a Caferra, Vito Marino 
245 1 3 |a La Giustizia e i suoi nemici  |h [Recurso electrn̤ico]  |c / Vito Marino Caferra 
256 |a Servicio en ln̕ea 
260 |a Bari :  |b Cacucci Editore,   |c 2010 
300 |a 1 Recurso electrn̤ico 
506 |d vLex Global  |d vLex Global (Academic Edition, excluding Law Schools)  |d vLex Global (U.S. Academic Edition, Law Schools)  |d vLex Global (U.S. Academic Edition, excluding Law Schools)  |d vLex Global (Academic Edition, Law Schools) 
650 0 4 |a Justicia  |z Italia 
650 0 4 |a Organizacin̤ judicial  |z Italia 
650 0 4 |a Ciencia polt̕ica 
740 |a vLex Libros (Servicio en ln̕ea) 
856 |a Acceso restringido  |u http://www.vlex.com/source/7350 
942 |c BOOK 
999 0 |a Justice